[Event "CAN jub-80 corr"]
[Site "Canada"]
[Date "2001.??.??"]
[Round "?"]
[White "Taiana, Domingo Osvaldo"]
[Black "Weisskohl, Jerry"]
[Result "0-1"]
[WhiteElo "2391"]
[BlackElo "2427"]
[PlyCount "48"]
[EventDate "2001.??.??"]
[EventType "tourn (corr)"]
[EventRounds "14"]
[EventCountry "CAN"]
[SourceTitle "Corr 2004"]
[Source "ChessBase"]
[SourceDate "2003.04.28"]
[SourceVersion "3"]
[SourceVersionDate "2003.04.28"]
[SourceQuality "1"]

1. e4 c5 2. Nf3 e6 3. d4 cxd4 4. Nxd4 Nc6 5. Nc3 a6 6. Be2 Nge7 7. 0-0 Nxd4 8. Qxd4 Nc6 9. Qd3 Qc7 10. Bg5 Bd6 11. Kh1 Ne5 12. Qh3 Ng6 13. Bd3 b5 14. Ne2 Bb7 15. Be3 Be5 16. c3 d5 17. exd5 Bxd5 18. f3 Nf4 19. Nxf4 Bxf4 20. Bxf4 Qxf4 21. Rfd1 h6 22. a4 Bb3 23. Re1 bxa4 24. Qh5 0-0 0-1

[Event "CAN jub-80 corr"]
[Site "Canada"]
[Date "2001.??.??"]
[Round "?"]
[White "Weisskohl, Jerry"]
[Black "Douziech, Richard"]
[Result "1-0"]
[WhiteElo "2427"]
[BlackElo "2357"]
[PlyCount "79"]
[EventDate "2001.??.??"]
[EventType "tourn (corr)"]
[EventRounds "14"]
[EventCountry "CAN"]
[SourceTitle "Corr 2004"]
[Source "ChessBase"]
[SourceDate "2003.04.28"]
[SourceVersion "3"]
[SourceVersionDate "2003.04.28"]
[SourceQuality "1"]

1. d4 Nf6 2. c4 g6 3. Nc3 d5 4. cxd5 Nxd5 5. e4 Nxc3 6. bxc3 Bg7 7. Nf3 c5 8. Be3 Qa5 9. Qd2 0-0 10. Rc1 e6 11. Bh6 cxd4 12. Bxg7 Kxg7 13. cxd4 Nc6 14. Qxa5 Nxa5 15. Kd2 Bd7 16. Rc5 Nc6 17. Bd3 h6 18. Rb1 b6 19. Rc3 Rfd8 20. Ke3 g5 21. Rbc1 g4 22. Nd2 Nb4 23. Bb1 Rac8 24. Nc4 f6 25. a3 Na6 26. e5 b5 27. exf6+ Kxf6 28. Ne5 Rxc3+ 29. Rxc3 h5 30. Be4 b4 31. axb4 Nxb4 32. Rc7 Be8 33. Rxa7 Nd5+ 34. Bxd5 exd5 35. Ra5 Ke6 36. f3 Kf5 37. h4 gxh3 38. gxh3 h4 39. Ng4 Bh5 40. Ra6 1-0

[Event "USA-ch13 prel 02 corr"]
[Site "USA"]
[Date "1996.06.24"]
[Round "?"]
[White "Gillis, Jeff"]
[Black "Weisskohl, Jerry"]
[Result "0-1"]
[WhiteElo "2004"]
[BlackElo "2144"]
[PlyCount "52"]
[EventDate "1996.??.??"]
[EventType "tourn (corr)"]
[EventRounds "9"]
[EventCountry "USA"]
[SourceTitle "Corr 2006"]
[Source "ChessBase"]
[SourceDate "2006.04.01"]
[SourceVersion "3"]
[SourceVersionDate "2006.04.01"]
[SourceQuality "1"]

1. f4 c5 2. Nf3 Nf6 3. e3 b6 4. b3 Bb7 5. Bb2 e6 6. Be2 Be7 7. 0-0 0-0 8. c4 d5 9. Ne5 Nc6 10. Bf3 Rc8 11. d3 Qc7 12. Nd2 Nd7 13. Nxd7 Qxd7 14. f5 Nb4 15. f6 Bxf6 16. Bxf6 gxf6 17. cxd5 Nxd5 18. Bxd5 Qxd5 19. Ne4 Kh8 20. Qe2 Rcd8 21. Rad1 f5 22. Nf6 Qe5 23. Nh5 Rd7 24. e4 Rfd8 25. Qf3 Bxe4 26. Qh3 Rxd3 0-1

[Event "USA-ch13 prel 02 corr"]
[Site "USA"]
[Date "1996.06.24"]
[Round "?"]
[White "Shea, Quinlan"]
[Black "Weisskohl, Jerry"]
[Result "1-0"]
[WhiteElo "2210"]
[BlackElo "2144"]
[PlyCount "77"]
[EventDate "1996.??.??"]
[EventType "tourn (corr)"]
[EventRounds "9"]
[EventCountry "USA"]
[SourceTitle "Corr 2006"]
[Source "ChessBase"]
[SourceDate "2006.04.01"]
[SourceVersion "3"]
[SourceVersionDate "2006.04.01"]
[SourceQuality "1"]

1. d4 Nf6 2. c4 g6 3. Nc3 Bg7 4. e4 d6 5. f3 0-0 6. Be3 Nc6 7. Nge2 Rb8 8. Qd2 a6 9. g4 b5 10. h4 bxc4 11. h5 e5 12. d5 Na5 13. Ng3 Bd7 14. Bh6 Bxh6 15. Qxh6 Qe7 16. 0-0-0 Be8 17. Be2 Kh8 18. Rh2 Rg8 19. g5 Nd7 20. Rdh1 Rg7 21. Nd1 Nb6 22. Ne3 Bd7 23. Bd1 Rc8 24. Bc2 c6 25. hxg6 fxg6 26. dxc6 Nxc6 27. Nd5 Nxd5 28. exd5 Be8 29. Ne4 Nb4 30. Nxd6 Rb8 31. Nxe8 Nxa2+ 32. Kd1 Rxe8 33. Bxg6 Rd8 34. Bxh7 Rxd5+ 35. Kc2 Nb4+ 36. Kb1 Rxh7 37. Qxh7+ Qxh7+ 38. Rxh7+ Kg8 39. g6 1-0

[Event "USA-ch13 prel 02 corr"]
[Site "USA"]
[Date "1996.06.24"]
[Round "?"]
[White "Sifter, Tom L"]
[Black "Weisskohl, Jerry"]
[Result "0-1"]
[WhiteElo "2061"]
[BlackElo "2144"]
[PlyCount "70"]
[EventDate "1996.??.??"]
[EventType "tourn (corr)"]
[EventRounds "9"]
[EventCountry "USA"]
[SourceTitle "Corr 2006"]
[Source "ChessBase"]
[SourceDate "2006.04.01"]
[SourceVersion "3"]
[SourceVersionDate "2006.04.01"]
[SourceQuality "1"]

1. e4 c5 2. Nf3 e6 3. d3 b6 4. g3 Bb7 5. Bg2 d5 6. exd5 exd5 7. d4 Nf6 8. Qe2+ Be7 9. Nc3 0-0 10. 0-0 Ba6 11. Nb5 Nc6 12. Rd1 Re8 13. c4 Nxd4 14. Nfxd4 cxd4 15. Qd3 dxc4 16. Qxc4 Rc8 17. Qa4 Bxb5 18. Qxb5 Bf8 19. Qd3 Bc5 20. b3 Nd5 21. Bb2 Nc3 22. Rd2 Qf6 23. a3 a5 24. Rc1 Qe6 25. Bxc3 dxc3 26. Rxc3 Bxf2+ 27. Rxf2 Qe1+ 28. Rf1 Rxc3 29. Qd7 Qe6 30. Qxe6 fxe6 31. Rf3 Rxf3 32. Bxf3 Rc8 33. Be2 Rc3 34. Bc4 Kf7 35. a4 Ke7 0-1